000 00407nam a2200157Ia 4500
008 151213s9999 xx 000 0 und d
100 _aJ. B;. Broadbent
245 _aMilton :Camus and Samson Agonity
_cJ. B;. Broadbent
250 _a1st
260 _aLondon
_bAdward Arnold
_c1961
300 _a4563 p.
650 _aEnglish
650 _aEnglish Literature
700 _aJ. B;. Broadbent
999 _c2937
_d2937